Biblioteca

Luke-Acts and the Jewish people (Registro nro. 47213)

Detalles MARC
000 -LÍDER
Campo fijo de descripción fija 01336nam a22003137a 4500
001 - NÚMERO DE CONTROL
Campo de control 20862
003 - IDENTIFICADOR DEL NÚMERO DE CONTROL
Campo de control CO-MdFUSB
005 - FECHA Y HORA DE LA ULTIMA TRANSACCIÓN
control field 20180622073209.0
008 - ELEMENTOS DE LONGITUD FIJA -- INFORMACIÓN GENERAL
Campo fijo de descripción fija -- Información general 160905t1988 xxu||||f |||| 00| 0 eng d
020 ## - NÚMERO INTERNACIONAL NORMALIZADO PARA LIBROS
Número Internacional Normalizado del libro 0-8066-2390-X
040 ## - FUENTE DE CATALOGACIÓN
Agencia de catalogación original CO-MdFUSB
Idioma de catalogación Español
Agencia que realiza la transcripción CO-MdFUSB
Agencia que realiza la modificación CO-MdFUSB
Convenciones de la descripción rda
041 ## - CÓDIGO DE IDIOMA
Código de idioma para texto/pista de sonido o título separado eng
082 ## - NÚMERO DE CLASIFICACIÓN DECIMAL DEWEY
Número de la edición del Dewey 24
Número de clasificación 226.4
Clave de autor-Numero de item L954l
100 1# - ASIENTO PRINCIPAL--NOMBRE PERSONAL
Nombre personal Tyson, Joseph B.
Fechas asociadas con el nombre editor
245 10 - TÍTULO
Título del Material Luke-Acts and the Jewish people
Parte restante del título - Subtitulo : Eight critical perspectives
Mención de responsabilidad, etc. / editado por Joseph B. Tyson
260 ## - PUBLICACIÓN, DISTRIBUCIÓN, ETC. (PIE DE IMPRENTA)
Lugar de publicación, distribución, etc.
264 #4 - PRODUCCIÓN, PUBLICACIÓN, DISTRIBUCIÓN, MANUFACTURA, Y COPYRIGHT
Lugar de producción, publicación, distribución, manufactura Minneapolis, Minnesota :
Nombre del productor, publicador, distribuidor Augsburg Publishing House,
Fecha de producción, publicación, distribución, manufactura, o copyright ©1988
300 ## - DESCRIPCIÓN FÍSICA
Extensión 160 páginas
336 ## - TIPO DE CONTENIDO
Fuente rdacontent
Término de tipo de contenido texto
Código de tipo de contenido txt
337 ## - TIPO DE MEDIO
Fuente rdamedia
Nombre del tipo de medio sin mediación
Código del tipo de medio n
338 ## - TIPO DE SOPORTE
Fuente rdacarrier
Nombre del tipo de soporte volumen
Código Tipo de soporte nc
500 ## - NOTA GENERAL
Nota General Incluye notas
501 ## - NOTA DE “CON”
Nota de Contenido Pasta rústica
505 00 - NOTA DE CONTENIDO
Nota de contenido con formato preestablecido La iglesia de los Judios y los que temen a Dios / Gloria al pueblo de Israel: Lucas-Hechos y los judíos / El cumplimiento irónica de la gloria de Israel en Lucas-Hechos / La relación de Lucas con el judaísmo / Rechazo por los Judios y empezando con los gentiles: el patrón de la misión de Pablo en Hechos / La misión a los Judios en Hechos / El problema del rechazo judío en Hechos
653 ## - TÉRMINO DE INDIZACIÓN - NO CONTROLADO
Término no controlado Jews in the New Testament
653 ## - TÉRMINO DE INDIZACIÓN - NO CONTROLADO
Término no controlado Judios en el Nuevo Testamento
942 ## - TIPO DE MATERIAL (KOHA)
Tipo de Item KOHA Libros General
Existencias
Estado de Material Estado de Perdido Forma de Clasificación Estado de Dañado No para Préstamo Colección Tomo Biblioteca de Origen Biblioteca Permanente Fecha de Adquisición Total de Préstamos Total de Renovaciones Signatura Topográfica Código de Barras Última vez visto Última vez Préstado Ejemplar/Existencia Fecha de Remplazo Tipo de Material
    Dewey Decimal Classification     Colección General   Biblioteca FUSBC Biblioteca FUSBC 29/08/2015 1 1 G 226.4 L954l 20061 12/12/2019 28/10/2016 Ej. 1 26/01/2016 Libros General

Biblioteca FUSBC | Teléfono: (57+4) 349 88 10 Ext. 141| WhatsApp (+57) 3005338115 
E-mail: biblioteca@unisbc.edu.co | Calle 76 87-14 Robledo Palenque, Medellín, Colombia

Con tecnología Koha